000 00645nam a2200181Ia 4500
008 100920s9999 xx 000 0 und d
082 _b701
_a491.462 थ 71
100 _aकेशव दत्ता.
245 _aमाझा कुणा म्हणू मी ?.
260 _bग.पां. परचुरे प्रकाशन मन्दिर, मुंबई 4.
_c1971
300 _a89
_bसाधी
365 _b5
520 _aनाटक.
630 _aमाझा कुणा म्हणू मी ?.
650 _aनाटक.
730 _aमाझा कुणा म्हणू मी ?.
942 _cBOOK
999 _c671639
_d671636